Normal view
MARC view
- Gronlund, Norman E.
Entry Personal Name
001 - CONTROL NUMBER
- control field: 17664
003 - CONTROL NUMBER IDENTIFIER
- control field: OSt
005 - DATE AND TIME OF LATEST TRANSACTION
- control field: 20110216144400.0
008 - FIXED-LENGTH DATA ELEMENTS
- fixed length control field: 110216|||a|||||| | ||| d
040 ## - CATALOGING SOURCE
- Original cataloging agency: OSt
- Transcribing agency: OSt
100 ## - HEADING--PERSONAL NAME
- Personal name: Gronlund, Norman E.
670 ## - SOURCE DATA FOUND
- Source citation: Work cat.: (OSt): Gronlund, Norman E., Stating behavioural objectives for classroom instruction, c1970
670 ## - SOURCE DATA FOUND
- Source citation: Work cat.: (OSt): Gronlund, Norman E., Stating behavioural objectives for classroom instruction, c1970
